[Event "Oslo Chess Festival 2017 "]
[Site "Quality Hotel Expo, Fornebu"]
[Date "2017.09.29"]
[Round "9.15"]
[White "Bentsen, HÃ¥kon"]
[Black "Lillevold, Frode"]
[Result "1/2-1/2"]
[WhiteElo "2071"]
[BlackElo "2128"]
[PlyCount "76"]
[EventDate "2017.??.??"]

1. e4 e5 2. Nf3 Nc6 3. Bb5 a6 4. Ba4 Nf6 5. O-O Be7 6. Re1 b5 7. Bb3 O-O 8. d3
d6 9. h3 Na5 10. c3 Nxb3 11. axb3 c5 12. c4 b4 13. Nbd2 Nd7 14. Nf1 f5 15. Ne3
f4 16. Nd5 Ra7 17. Bd2 Qe8 18. Nh2 Bd8 19. d4 cxd4 20. Bxb4 Nc5 21. Bxc5 dxc5
22. b4 cxb4 23. Nxb4 g5 24. Nd3 h5 25. b4 Rg7 26. f3 g4 27. hxg4 hxg4 28. Nxg4
Bxg4 29. fxg4 Rf6 30. Qf3 Rfg6 31. Nf2 Bh4 32. Re2 Bxf2+ 33. Rxf2 Qc6 34. c5
Rxg4 35. Qb3+ Kh7 36. Qh3+ Kg8 37. Qb3+ Kh7 38. Qh3+ Kg8 1/2-1/2

[Event "Oslo Chess Festival 2017 "]
[Site "Quality Hotel Expo, Fornebu"]
[Date "2017.09.29"]
[Round "9.28"]
[White "KyrkjebÃ¸, Erlend"]
[Black "Kvendseth, Thyra"]
[Result "1-0"]
[WhiteElo "2122"]
[BlackElo "1810"]
[PlyCount "65"]
[EventDate "2017.??.??"]

1. e4 e5 2. Nf3 Nc6 3. c3 Nf6 4. d4 exd4 5. e5 Nd5 6. Qb3 Nb6 7. cxd4 Bb4+ 8.
Nc3 d6 9. Bb5 Bd7 10. O-O Bxc3 11. bxc3 dxe5 12. Ba3 Qf6 13. d5 Ne7 14. Nxe5
O-O-O 15. Nxd7 Nxd7 16. Rab1 Nb8 17. d6 cxd6 18. Ba6 Rd7 19. Bxb7+ Kd8 20. Qa4
Ng6 21. Qa5+ Ke8 22. Bc8 Qd8 23. Bxd7+ Nxd7 24. Rfe1+ Nge5 25. Qxd8+ Kxd8 26.
Bxd6 Nc4 27. Bg3 Ncb6 28. Rb5 g6 29. Ra5 Nc8 30. c4 Ndb6 31. c5 Nd7 32. c6 Ndb6
33. Ra3 1-0

[Event "Oslo Chess Festival 2017 "]
[Site "Quality Hotel Expo, Fornebu"]
[Date "2017.09.29"]
[Round "9.29"]
[White "Nygaard, Karl Magnus"]
[Black "Bruaset, Eivind"]
[Result "0-1"]
[WhiteElo "1661"]
[BlackElo "2012"]
[PlyCount "74"]
[EventDate "2017.??.??"]

1. d4 e6 2. c4 b6 3. Nf3 Bb7 4. Nc3 Bb4 5. Qc2 f5 6. Bd2 Nf6 7. g3 Ne4 8. Bg2
Nxd2 9. Qxd2 Qf6 10. a3 Bxc3 11. Qxc3 d6 12. O-O O-O 13. e3 g5 14. Nd2 Bxg2 15.
Kxg2 Nd7 16. b4 c5 17. Qd3 Rac8 18. Rab1 Rc7 19. f3 Rfc8 20. Rfc1 Kg7 21. Rc2
cxd4 22. exd4 e5 23. d5 h5 24. Rh1 Qg6 25. h4 g4 26. fxg4 Qxg4 27. Nf3 Rxc4 28.
Rxc4 Rxc4 29. Ng5 Kg6 30. Rf1 Re4 31. Qc3 Rc4 32. Qd3 b5 33. Rf2 Nf6 34. Ne6
Ne4 35. Rf3 Rc3 36. Qe2 Nxg3 37. Nf8+ Kf7 0-1

[Event "Oslo Chess Festival 2017 "]
[Site "Quality Hotel Expo, Fornebu"]
[Date "2017.09.29"]
[Round "9.32"]
[White "Ilyes, Peter"]
[Black "Sidali, Elias Hulleberg"]
[Result "1-0"]
[WhiteElo "1996"]
[BlackElo "1763"]
[PlyCount "63"]
[EventDate "2017.??.??"]

1. d4 Nf6 2. Bf4 e6 3. Nf3 b6 4. e3 Bb7 5. Bd3 Be7 6. h3 O-O 7. Nbd2 d6 8. e4
h6 9. Qe2 c5 10. c3 Nc6 11. e5 Nd5 12. Qe4 f5 13. exf6 Rxf6 14. Bg3 cxd4 15.
cxd4 Ndb4 16. Bb1 Rc8 17. O-O Na5 18. Qh7+ Kf7 19. a3 Bxf3 20. axb4 Bh5 21.
bxa5 Bg6 22. Bxg6+ Rxg6 23. axb6 Qxb6 24. d5 e5 25. Ra3 Qb8 26. Ne4 Rh8 27.
Rf3+ Bf6 28. Nxd6+ Qxd6 29. Qxh8 Qxd5 30. Rc1 Qb7 31. Rc8 Qe7 32. Qg8# 1-0

[Event "Oslo Chess Festival 2017 "]
[Site "Quality Hotel Expo, Fornebu"]
[Date "2017.09.29"]
[Round "9.33"]
[White "Smeby, Ole"]
[Black "Wright, Haakon"]
[Result "1-0"]
[WhiteElo "1985"]
[BlackElo "1795"]
[PlyCount "141"]
[EventDate "2017.??.??"]

1. d4 Nf6 2. c4 e6 3. Nf3 b6 4. Bg5 Bb7 5. e3 d5 6. Bd3 Be7 7. O-O O-O 8. Nbd2
Nbd7 9. Rc1 c5 10. Qa4 cxd4 11. exd4 dxc4 12. Bxc4 a6 13. Be2 b5 14. Qd1 Nd5
15. Bxe7 Qxe7 16. a4 Qb4 17. axb5 axb5 18. Qb3 Qxb3 19. Nxb3 b4 20. Bb5 N5f6
21. Bc6 Bxc6 22. Rxc6 Ra2 23. Rb1 Nd5 24. Nc1 Ra7 25. Nd3 g6 26. Rbc1 Rfa8 27.
g3 Ra1 28. Kg2 Rxc1 29. Rxc1 N7b6 30. Nfe5 Kf8 31. Rc5 Ra4 32. Nc6 b3 33. Rb5
Rc4 34. Rc5 Ra4 35. Nc1 Nc4 36. Nxb3 Nxb2 37. Rc2 Nd3 38. Kf1 N3b4 39. Rc4 Ke8
40. Kg2 Kf8 41. Nc5 Nxc6 42. Nxa4 Nce7 43. Nc3 Kg7 44. Nxd5 Nxd5 45. Kf3 h5 46.
h4 Nf6 47. Ra4 Nd5 48. Ra5 Nf6 49. Kf4 Nd5+ 50. Rxd5 exd5 51. Ke5 Kf8 52. Kxd5
Ke7 53. Kc6 Kd8 54. Kd6 f5 55. Ke6 g5 56. Kxf5 g4 57. Kg5 Ke7 58. Kxh5 Kf6 59.
Kxg4 Kg6 60. d5 Kf6 61. h5 Kg7 62. d6 Kh6 63. d7 Kg7 64. d8=Q Kf7 65. Qd7+ Kf6
66. Qf5+ Ke7 67. h6 Kd6 68. h7 Ke7 69. h8=Q Kd6 70. Qhf6+ Kc7 71. Qh7+ 1-0

[Event "Oslo Chess Festival 2017 "]
[Site "Quality Hotel Expo, Fornebu"]
[Date "2017.09.29"]
[Round "9.30"]
[White "Larsen, Ulrik"]
[Black "Aure, Anders Nilsson"]
[Result "1/2-1/2"]
[WhiteElo "1975"]
[BlackElo "1803"]
[PlyCount "46"]
[EventDate "2017.??.??"]

1. e4 c5 2. d4 cxd4 3. c3 dxc3 4. Nxc3 Nc6 5. Nf3 e6 6. Bc4 a6 7. O-O Nge7 8.
Bg5 h6 9. Bh4 g5 10. Bg3 Bg7 11. Re1 O-O 12. Rc1 b5 13. Bb3 Bb7 14. Nd5 exd5
15. exd5 Nxd5 16. Bxd5 Bxb2 17. Rb1 Bg7 18. Qd3 Na5 19. h4 Bxd5 20. Qxd5 Nc4
21. hxg5 hxg5 22. Nxg5 Qf6 23. Rbd1 d6 1/2-1/2

[Event "Oslo Chess Festival 2017 "]
[Site "Quality Hotel Expo, Fornebu"]
[Date "2017.09.29"]
[Round "9.34"]
[White "Mikelsen, Mattis"]
[Black "Wetle Hoem, Tor"]
[Result "0-1"]
[WhiteElo "1754"]
[BlackElo "1965"]
[PlyCount "68"]
[EventDate "2017.??.??"]

1. e4 b6 2. d4 Bb7 3. Bd3 g6 4. Nf3 Bg7 5. O-O d6 6. Re1 Nd7 7. Nbd2 e6 8. c4
Ne7 9. Nf1 O-O 10. Ng3 c5 11. d5 e5 12. Qc2 Nf6 13. Bd2 Bc8 14. h3 h6 15. Nh2
g5 16. Nf3 Ng6 17. Bf1 g4 18. hxg4 Bxg4 19. Qb3 Kh7 20. Nh2 Bd7 21. Qf3 Nh4 22.
Qe2 Rg8 23. Nh5 Ng6 24. a4 Nxh5 25. Qxh5 Nf4 26. Bxf4 exf4 27. Ra2 Be5 28.
Qxf7+ Rg7 29. Qh5 Qf6 30. Kh1 Rag8 31. b3 Bg4 32. Nxg4 Rxg4 33. g3 fxg3 34.
fxg3 Bxg3 0-1

[Event "Oslo Chess Festival 2017 "]
[Site "Quality Hotel Expo, Fornebu"]
[Date "2017.09.29"]
[Round "9.31"]
[White "Lindblom, Roar"]
[Black "Khoo-Thwe, Louis"]
[Result "1/2-1/2"]
[WhiteElo "1940"]
[BlackElo "1653"]
[PlyCount "74"]
[EventDate "2017.??.??"]

1. d4 d5 2. c4 c6 3. Nf3 Nf6 4. Nc3 Bf5 5. cxd5 Nxd5 6. Qb3 Nb6 7. Bf4 e6 8. a4
a5 9. e4 Bg4 10. Rd1 Bb4 11. Be2 O-O 12. O-O Qf6 13. Bg3 Na6 14. Bh4 Qh6 15.
Bg3 c5 16. d5 exd5 17. Nxd5 c4 18. Bxc4 Nc5 19. Qc2 Ncxa4 20. Nxb4 axb4 21. Be2
Rfe8 22. Qb3 Nc5 23. Qxb4 Ra4 24. Qc3 g6 25. e5 Re4 26. Qd2 Qxd2 27. Rxd2 Nb3
28. Rd6 Rxe2 29. Rxb6 Bxf3 30. gxf3 Nd2 31. Rd1 Nxf3+ 32. Kg2 Nxe5 33. Rxb7 Nc4
34. Rdd7 Rxb2 35. Rxf7 Ne3+ 36. Kh3 Rxb7 37. Rxb7 Nf5 1/2-1/2

[Event "Oslo Chess Festival 2017 "]
[Site "Quality Hotel Expo, Fornebu"]
[Date "2017.09.29"]
[Round "9.43"]
[White "TunsjÃ¸, Axel"]
[Black "Kleinert, Juergen"]
[Result "1-0"]
[WhiteElo "1519"]
[BlackElo "1918"]
[PlyCount "57"]
[EventDate "2017.??.??"]

1. e4 e5 2. Nf3 Nc6 3. Bc4 Bc5 4. O-O d6 5. d3 h6 6. Re1 Nge7 7. a4 a6 8. c3
O-O 9. Nbd2 Ba7 10. Nf1 Re8 11. Ng3 d5 12. exd5 Nxd5 13. a5 Nf6 14. Qb3 Re7 15.
Nh4 Rb8 16. Ng6 Rd7 17. Nxe5 Nxe5 18. Rxe5 Bxf2+ 19. Kh1 Bxg3 20. hxg3 Ng4 21.
Rf5 Kh8 22. Bf4 Re7 23. Rxf7 b5 24. axb6 Rxb6 25. Bxc7 Qe8 26. Qxb6 Re1+ 27.
Rxe1 Qxe1+ 28. Qg1 Qe2 29. Qf1 1-0

[Event "Oslo Chess Festival 2017 "]
[Site "Quality Hotel Expo, Fornebu"]
[Date "2017.09.29"]
[Round "9.35"]
[White "Enersen, Eirik S"]
[Black "Ali, Karim"]
[Result "1-0"]
[WhiteElo "1911"]
[BlackElo "1755"]
[PlyCount "31"]
[EventDate "2017.??.??"]

1. e4 e5 2. Nf3 Nc6 3. Nc3 Nf6 4. Bb5 d6 5. d4 exd4 6. Nxd4 Bd7 7. O-O Nxd4 8.
Bxd7+ Qxd7 9. Qxd4 Be7 10. Rd1 O-O 11. e5 Ne8 12. Bf4 Qe6 13. Nd5 g5 14. exd6
Bxd6 15. Re1 Qg4 16. Rxe8 1-0

[Event "Oslo Chess Festival 2017 "]
[Site "Quality Hotel Expo, Fornebu"]
[Date "2017.09.29"]
[Round "9.36"]
[White "Sajjadi, Kimiya"]
[Black "Roque Sola, Maria Fernanda"]
[Result "1/2-1/2"]
[WhiteElo "1893"]
[BlackElo "1746"]
[PlyCount "161"]
[EventDate "2017.??.??"]

1. d4 Nf6 2. c4 g6 3. Nc3 Bg7 4. e4 d6 5. Be2 O-O 6. f4 c5 7. Nf3 cxd4 8. Nxd4
Nc6 9. Be3 Bg4 10. Nxc6 Bxe2 11. Nxd8 Bxd1 12. Rxd1 Rfxd8 13. O-O Rac8 14. b3
b6 15. h3 Ng4 16. hxg4 Bxc3 17. Kf2 Rd7 18. Rd3 Bb2 19. Rb1 Bg7 20. e5 Rcd8 21.
Rbd1 Bf8 22. exd6 Rxd6 23. Rxd6 Rxd6 24. Rxd6 exd6 25. Kf3 f5 26. gxf5 gxf5 27.
g4 fxg4+ 28. Kxg4 Kf7 29. Kf5 Bg7 30. Ke4 Bc3 31. Kd5 Bb4 32. Bf2 Kf6 33. Ke4
Bc3 34. Bh4+ Kf7 35. Kd5 Bb4 36. f5 Ba3 37. Kc6 Bc5 38. Kb7 a5 39. Kc6 Kg7 40.
Kd5 Kf7 41. Bg5 Bb4 42. Bh4 Ba3 43. f6 Bb4 44. Kc6 Bc5 45. Kd7 Bb4 46. a4 Ba3
47. Kc6 Bc5 48. Kd5 Bb4 49. Ke4 Bc3 50. Kf5 Bd4 51. Bg5 Bc3 52. Be3 Bxf6 53.
Bxb6 Bc3 54. Kg5 Ke7 55. Kf5 h6 56. Bf2 Kf7 57. Bg3 Ke7 58. Ke4 Kd7 59. Bf2 Kc6
60. Kd3 Bf6 61. Be1 Bd8 62. Bd2 h5 63. Bf4 Kc5 64. Be3+ Kc6 65. Bg1 h4 66. Ke4
Bb6 67. Bh2 Bf2 68. Kf3 Bg3 69. Bxg3 hxg3 70. Kxg3 Kc5 71. Kf3 Kb4 72. Ke4 Kxb3
73. Kd5 Kb4 74. Kxd6 Kxc4 75. Ke5 Kb4 76. Kd4 Kxa4 77. Kc4 Ka3 78. Kc3 a4 79.
Kc2 Ka2 80. Kc3 a3 81. Kc2 1/2-1/2

[Event "Oslo Chess Festival 2017 "]
[Site "Quality Hotel Expo, Fornebu"]
[Date "2017.09.29"]
[Round "9.44"]
[White "WÃ¦rstad, Leif E"]
[Black "Melaa, Sondre LillestÃ¸l"]
[Result "0-1"]
[WhiteElo "1614"]
[BlackElo "1883"]
[PlyCount "52"]
[EventDate "2017.??.??"]

1. d4 Nf6 2. Nf3 e6 3. c4 c5 4. d5 b5 5. e3 Bb7 6. Be2 bxc4 7. dxe6 fxe6 8. O-O
d5 9. Nc3 Nc6 10. b3 d4 11. exd4 cxd4 12. Bxc4 dxc3 13. Bg5 Qxd1 14. Raxd1 Rd8
15. Bxe6 h6 16. Bh4 Ba3 17. Rxd8+ Nxd8 18. Bf5 Bxf3 19. gxf3 Kf7 20. Rd1 Ne6
21. Kf1 Rc8 22. Bc2 Rd8 23. Rxd8 Nxd8 24. Bg3 Ke6 25. Ke2 Nc6 26. Kd3 Nd5 0-1

[Event "Oslo Chess Festival 2017 "]
[Site "Quality Hotel Expo, Fornebu"]
[Date "2017.09.29"]
[Round "9.37"]
[White "Omtvedt, Per"]
[Black "Schouten, Mathias Lind"]
[Result "1-0"]
[WhiteElo "1880"]
[BlackElo "1718"]
[PlyCount "71"]
[EventDate "2017.??.??"]

1. Nf3 Nf6 2. c4 c5 3. Nc3 Nc6 4. g3 g6 5. Bg2 Bg7 6. O-O O-O 7. d4 cxd4 8.
Nxd4 Nxd4 9. Qxd4 d6 10. Qd3 Qa5 11. Bd2 Qh5 12. f3 Be6 13. b3 a6 14. e4 Nd7
15. Rac1 Nc5 16. Qe2 Rac8 17. Be3 Bxc3 18. Rxc3 Nxe4 19. Rcc1 Nc5 20. Qd2 Rc7
21. g4 Bxg4 22. fxg4 Qxg4 23. Rf4 Qc8 24. Rh4 h5 25. Bh6 Re8 26. Rxh5 Qg4 27.
Rh3 Ne6 28. Be3 Kg7 29. Rf1 f6 30. Bb6 Rcc8 31. Qh6+ Kf7 32. Rg3 Qh5 33. Qxh5
gxh5 34. Bd5 Rg8 35. Re1 h4 36. Bxe6+ 1-0

[Event "Oslo Chess Festival 2017 "]
[Site "Quality Hotel Expo, Fornebu"]
[Date "2017.09.29"]
[Round "9.38"]
[White "Mikalsen, Bengt Arne"]
[Black "Holand, Per Fredrik"]
[Result "1/2-1/2"]
[WhiteElo "1727"]
[BlackElo "1866"]
[PlyCount "87"]
[EventDate "2017.??.??"]

1. d4 Nf6 2. Nf3 g6 3. b3 Bg7 4. Bb2 O-O 5. c4 d6 6. e3 Nbd7 7. Bd3 c5 8. O-O
a6 9. Nc3 Qc7 10. Qc2 b6 11. d5 e5 12. dxe6 fxe6 13. Ne4 Bb7 14. Rad1 d5 15.
Nxf6+ Nxf6 16. Be5 Qe7 17. h3 Nd7 18. Bxg7 Qxg7 19. cxd5 exd5 20. Nh2 Ne5 21.
Be2 Rac8 22. f4 Nf7 23. Bf3 Rfd8 24. Rf2 Nh6 25. g4 Qe7 26. Nf1 b5 27. Rfd2 d4
28. Bxb7 Qxb7 29. exd4 cxd4 30. Qb2 Qf3 31. Rxd4 Rxd4 32. Qxd4 Qxh3 33. Qd5+
Nf7 34. Qg2 Qxg2+ 35. Kxg2 Rc2+ 36. Rd2 Rxd2+ 37. Nxd2 Nd6 38. Kf3 Kf7 39. Ne4
Nxe4 40. Kxe4 Kf6 41. g5+ Ke6 42. b4 Kd6 43. Kd4 Ke6 44. Ke4 1/2-1/2

[Event "Oslo Chess Festival 2017 "]
[Site "Quality Hotel Expo, Fornebu"]
[Date "2017.09.29"]
[Round "9.45"]
[White "Bentsen, Morten"]
[Black "Ski, Jonathan K"]
[Result "0-1"]
[WhiteElo "1292"]
[BlackElo "1848"]
[PlyCount "70"]
[EventDate "2017.??.??"]

1. d4 d5 2. Nf3 Nf6 3. c4 c6 4. Bg5 e6 5. a3 h6 6. Bf4 dxc4 7. Nc3 Nd5 8. Bg3
Qa5 9. Qc1 b5 10. e4 Nxc3 11. bxc3 Nd7 12. Be2 Be7 13. O-O O-O 14. Rd1 Nf6 15.
Nd2 Bb7 16. f3 Nh5 17. Bf2 Qc7 18. e5 Nf4 19. Bf1 c5 20. Ne4 Bxe4 21. fxe4 Ng6
22. Ra2 cxd4 23. cxd4 Rfc8 24. Qc3 a5 25. Rb2 b4 26. axb4 axb4 27. Qc2 Ra3 28.
Be1 c3 29. Rb3 Rxb3 30. Qxb3 Ra8 31. Bd3 Nf4 32. Bc2 Ra3 33. Qb1 Qc4 34. Bd2
Qxd4+ 35. Kf1 cxd2 0-1

[Event "Oslo Chess Festival 2017 "]
[Site "Quality Hotel Expo, Fornebu"]
[Date "2017.09.29"]
[Round "9.48"]
[White "Greibrokk, Ingrid"]
[Black "Nordquelle, Amelia"]
[Result "1-0"]
[WhiteElo "1820"]
[BlackElo "1546"]
[PlyCount "61"]
[EventDate "2017.??.??"]

1. e4 e5 2. Nf3 Nc6 3. Bb5 a6 4. Ba4 b5 5. Bb3 Bc5 6. O-O d6 7. c3 Nf6 8. h3
Nxe4 9. Bd5 Nxf2 10. Bxc6+ Bd7 11. Bxd7+ Kxd7 12. Rxf2 Bxf2+ 13. Kxf2 e4 14.
Ne1 Qh4+ 15. Kg1 h5 16. d4 g5 17. Qd2 Rhg8 18. Qf2 Qxf2+ 19. Kxf2 f5 20. g3
Raf8 21. Ng2 Rf7 22. a4 h4 23. gxh4 gxh4 24. axb5 axb5 25. Na3 Rg3 26. Nf4 Rf3+
27. Ke2 c5 28. dxc5 Rg7 29. Bd2 Rgg3 30. Nc4 d5 31. Ne5+ 1-0

[Event "Oslo Chess Festival 2017 "]
[Site "Quality Hotel Expo, Fornebu"]
[Date "2017.09.29"]
[Round "9.39"]
[White "GrÃ¸ver, Sigurd Loe"]
[Black "Tostrup, Trond"]
[Result "1/2-1/2"]
[WhiteElo "1816"]
[BlackElo "1717"]
[PlyCount "87"]
[EventDate "2017.??.??"]

1. e4 c6 2. d4 d5 3. exd5 cxd5 4. c4 Nf6 5. Nc3 g6 6. Qb3 Qb6 7. cxd5 Qxb3 8.
axb3 Bd7 9. Bf4 Bg7 10. Nf3 O-O 11. Bc4 b5 12. Bxb5 Bxb5 13. Nxb5 Nxd5 14. Be5
Nc6 15. Bxg7 Kxg7 16. O-O Rfb8 17. Nc3 Nxc3 18. bxc3 Rxb3 19. d5 Nd8 20. Rfc1
Nb7 21. Nd4 Rb2 22. Nc6 Kf6 23. Nxa7 Nc5 24. f3 Rd8 25. c4 Nb3 26. Ra6+ Rd6 27.
Rxd6+ exd6 28. Rc3 Na5 29. Nb5 Nxc4 30. Nc7 Rb4 31. Kf2 Ke5 32. Rc2 Rb2 33.
Rxb2 Nxb2 34. Ke3 Nc4+ 35. Kd3 Nb6 36. g3 g5 37. Ne8 Nxd5 38. Ke2 Nf6 39. f4+
gxf4 40. gxf4+ Ke6 41. Ng7+ Kd5 42. Nf5 Nh5 43. Kf3 Ke6 44. Nd4+ 1/2-1/2

[Event "Oslo Chess Festival 2017 "]
[Site "Quality Hotel Expo, Fornebu"]
[Date "2017.09.29"]
[Round "9.40"]
[White "Aarnes, Carl Christian"]
[Black "Dahl, Max"]
[Result "0-1"]
[WhiteElo "1809"]
[BlackElo "1670"]
[PlyCount "52"]
[EventDate "2017.??.??"]

1. e4 e6 2. Nf3 d5 3. exd5 exd5 4. d4 Bd6 5. Nc3 c6 6. Bg5 Nf6 7. Qe2+ Be6 8.
O-O-O Nbd7 9. Ne5 Qc7 10. f4 O-O-O 11. h3 h6 12. Bh4 Rhg8 13. Bxf6 gxf6 14. f5
fxe5 15. fxe6 fxe6 16. g4 exd4 17. Rxd4 e5 18. Rd1 e4 19. Bg2 Be5 20. Nb1 Rdf8
21. c3 Nc5 22. Rhe1 Bf4+ 23. Kc2 Nd3 24. Rf1 Qb6 25. b3 Qa5 26. Rxd3 Qxa2+ 0-1

[Event "Oslo Chess Festival 2017 "]
[Site "Quality Hotel Expo, Fornebu"]
[Date "2017.09.29"]
[Round "9.41"]
[White "Svanholm, BÃ¸rge Waaktaar"]
[Black "Bernstein, Jonas August"]
[Result "1-0"]
[WhiteElo "1806"]
[BlackElo "1645"]
[PlyCount "73"]
[EventDate "2017.??.??"]

1. c4 e5 2. Nc3 Bb4 3. Nd5 Be7 4. g3 Nf6 5. Bg2 Nc6 6. e3 O-O 7. Ne2 Re8 8.
Nec3 Bf8 9. O-O d6 10. h3 Nxd5 11. Nxd5 Be6 12. d4 Qd7 13. Kh2 Rad8 14. b3 b6
15. Bb2 Ne7 16. Nxe7+ Qxe7 17. Qc2 Bc8 18. Rad1 Qg5 19. Rd2 a5 20. dxe5 dxe5
21. Rfd1 Bd6 22. a3 Qe7 23. Qc1 h5 24. Kg1 h4 25. g4 f5 26. gxf5 Bxf5 27. e4
Be6 28. Rd3 Rf8 29. Qd2 Rf4 30. Bxe5 Rff8 31. Bxd6 cxd6 32. Rxd6 Rb8 33. e5 Kh8
34. Qe3 a4 35. bxa4 Bxc4 36. Rd7 Qe8 37. Qg5 1-0

[Event "Oslo Chess Festival 2017 "]
[Site "Quality Hotel Expo, Fornebu"]
[Date "2017.09.29"]
[Round "9.42"]
[White "Jarve, Edvin"]
[Black "Vangen, David Luangtep"]
[Result "0-1"]
[WhiteElo "1805"]
[BlackElo "1499"]
[PlyCount "83"]
[EventDate "2017.??.??"]

1. d4 Nf6 2. Bg5 e6 3. e4 h6 4. Bxf6 Qxf6 5. c3 d5 6. Nd2 c5 7. Ngf3 Nc6 8.
exd5 exd5 9. Bb5 Be7 10. dxc5 Bxc5 11. O-O O-O 12. Nb3 Qd6 13. Nbd4 Bg4 14. Qd3
a6 15. Ba4 Rfe8 16. Bc2 Bxd4 17. Nxd4 Nxd4 18. Qxd4 Bd7 19. Rad1 Re5 20. Rfe1
Rae8 21. Rxe5 Rxe5 22. Bd3 Qe7 23. Bf1 Bc6 24. h3 Bd7 25. c4 Bc6 26. cxd5 Rxd5
27. Qg4 Rg5 28. Qc8+ Kh7 29. Qd8 Qe6 30. Qd3+ g6 31. Qe3 Qxa2 32. Rd8 Qb1 33.
f3 Qxb2 34. Qe7 Qg7 35. Bc4 Bxf3 36. Kf2 Qb2+ 37. Kxf3 Qxg2+ 38. Ke3 Rg3+ 39.
Kd4 Qd2+ 40. Kc5 Qf2+ 41. Kd6 Qb6+ 42. Kd7 0-1

[Event "Oslo Chess Festival 2017 "]
[Site "Quality Hotel Expo, Fornebu"]
[Date "2017.09.29"]
[Round "9.46"]
[White "Selvik, Kjetil"]
[Black "Tenold, Andreas"]
[Result "0-1"]
[WhiteElo "1517"]
[BlackElo "1625"]
[PlyCount "90"]
[EventDate "2017.??.??"]

1. d4 Nf6 2. Bf4 g6 3. Nc3 Bg7 4. e4 d6 5. Qd2 h6 6. O-O-O e6 7. Nf3 g5 8. Bg3
Nh5 9. Be2 Nc6 10. Qe3 O-O 11. Ne1 Nxg3 12. hxg3 Qf6 13. Nf3 g4 14. e5 Qe7 15.
Rxh6 Bxh6 16. Qxh6 f6 17. Rh1 Qg7 18. Qxg7+ Kxg7 19. exf6+ Rxf6 20. Ng5 Rh6 21.
Rd1 Rg6 22. Nge4 Bd7 23. Nb5 a6 24. Nxc7 Rc8 25. d5 Rxc7 26. dxc6 Bxc6 27. Nxd6
Rd7 28. Rd4 e5 29. Nf5+ Kf6 30. Rxd7 Bxd7 31. Ne3 e4 32. Nd5+ Kg5 33. Ne3 Rf6
34. Nd5 Rxf2 35. Nf4 Bb5 36. c4 Bc6 37. Kd2 Rxf4 38. gxf4+ Kxf4 39. Bf1 Kg3 40.
Ke3 Kh2 41. Kf2 g3+ 42. Ke3 Kg1 43. Ke2 e3 44. Kxe3 Kxf1 45. Kf4 Kxg2 0-1

[Event "Oslo Chess Festival 2017 "]
[Site "Quality Hotel Expo, Fornebu"]
[Date "2017.09.29"]
[Round "9.47"]
[White "Gabrielsen, Rasmus Arvola"]
[Black "Haynes, Noah"]
[Result "0-1"]
[WhiteElo "1612"]
[BlackElo "1114"]
[PlyCount "58"]
[EventDate "2017.??.??"]

1. e4 c5 2. Nf3 d6 3. d4 cxd4 4. Nxd4 Nf6 5. Nc3 g6 6. f3 Bg7 7. Be3 O-O 8. Qd2
Nc6 9. O-O-O d5 10. Nxc6 bxc6 11. exd5 cxd5 12. Nxd5 Nxd5 13. Qxd5 Qc7 14. Qc5
Qb7 15. Bd4 Bf5 16. Qb5 Qc7 17. Qb3 Rfc8 18. c4 Be6 19. Bxg7 Kxg7 20. Qc3+ Kg8
21. b3 a5 22. Bd3 a4 23. Kb2 Qc5 24. Be4 Rab8 25. g4 axb3 26. axb3 Bxc4 27. h4
Rxb3+ 28. Qxb3 Bxb3 29. Kxb3 Rb8+ 0-1

[Event "Oslo Chess Festival 2017 "]
[Site "Quality Hotel Expo, Fornebu"]
[Date "2017.09.29"]
[Round "9.49"]
[White "Eidukas, Paulius"]
[Black "Larre, Linnea"]
[Result "1-0"]
[WhiteElo "1546"]
[BlackElo "1426"]
[PlyCount "133"]
[EventDate "2017.??.??"]

1. e4 c5 2. Nf3 g6 3. d4 cxd4 4. Nxd4 Nc6 5. c4 Bg7 6. Be3 e6 7. Nc3 Nge7 8.
Be2 O-O 9. O-O d5 10. cxd5 exd5 11. exd5 Nxd5 12. Nxd5 Qxd5 13. Bf3 Qd7 14.
Nxc6 bxc6 15. Qc1 Bb7 16. Rd1 Qe6 17. Bh6 Rad8 18. Bxg7 Kxg7 19. Qc3+ Qf6 20.
Qxf6+ Kxf6 21. Rac1 Rxd1+ 22. Rxd1 Ke7 23. b4 a6 24. a3 Rc8 25. h4 Rc7 26. Rc1
Kd6 27. Rc5 Re7 28. Kf1 f6 29. g3 Rc7 30. Ke2 Bc8 31. Kd2 Be6 32. Kc3 Rc8 33.
Ra5 Ra8 34. b5 Bd7 35. Rxa6 Rxa6 36. bxa6 Kc7 37. a7 Kb7 38. Kc4 Kxa7 39. Kc5
Kb7 40. a4 f5 41. Kd6 Bc8 42. Bxc6+ Kb6 43. Bd5 h6 44. Bf7 g5 45. hxg5 hxg5 46.
Be6 Bb7 47. Bxf5 Bc6 48. Bd7 Bf3 49. g4 Ka5 50. Ke5 Kb6 51. Kf5 Kc7 52. Bb5 Kd8
53. Kxg5 Ke7 54. Kf5 Kf7 55. g5 Kg7 56. a5 Bb7 57. a6 Bc8+ 58. Ke5 Kg6 59. a7
Bb7 60. f4 Kg7 61. Bd3 Kf8 62. Be4 Bxe4 63. Kxe4 Kg7 64. a8=Q Kf7 65. f5 Kg7
66. Qb7+ Kf8 67. f6 1-0

[Event "Oslo Chess Festival 2017 "]
[Site "Quality Hotel Expo, Fornebu"]
[Date "2017.09.29"]
[Round "9.51"]
[White "Madsen, Ã~ystein"]
[Black "Kreken, Eivind Grunt"]
[Result "1-0"]
[WhiteElo "1169"]
[BlackElo "1486"]
[PlyCount "94"]
[EventDate "2017.??.??"]

1. f4 c5 2. Nf3 Nc6 3. e3 g6 4. Bb5 Bg7 5. Nc3 a6 6. Be2 d6 7. O-O b5 8. Qe1
Nb4 9. Qd1 Bb7 10. a3 Nd5 11. d4 Nxc3 12. bxc3 Nf6 13. Bd2 c4 14. Nh4 d5 15. f5
Ne4 16. Bf3 g5 17. Bxe4 dxe4 18. f6 Bxf6 19. Nf5 h5 20. Ng3 g4 21. Rf5 h4 22.
Ne2 Bc8 23. Rf2 Bg5 24. Qf1 O-O 25. Re1 Qc7 26. g3 h3 27. Nf4 Bxf4 28. Rxf4 f5
29. Re2 Bd7 30. Ref2 e6 31. Qd1 Qa5 32. Qa1 Qa4 33. Qb2 Qa5 34. Qa1 Qc7 35. Qd1
Qd6 36. Qa1 e5 37. dxe5 Qxe5 38. Qb1 Qc5 39. Qa1 Be6 40. Kf1 Rfd8 41. Ke1 Rd5
42. Qc1 Rad8 43. Re2 Qd6 44. Ref2 a5 45. Re2 b4 46. axb4 axb4 47. cxb4 c3 1-0

[Event "Oslo Chess Festival 2017 "]
[Site "Quality Hotel Expo, Fornebu"]
[Date "2017.09.29"]
[Round "9.53"]
[White "Martinsen, Vegard"]
[Black "Beitnes, Andreas RÃ¸berg"]
[Result "1-0"]
[WhiteElo "1443"]
[BlackElo "1430"]
[PlyCount "69"]
[EventDate "2017.??.??"]

1. e4 e5 2. Nf3 Nc6 3. Bc4 Nf6 4. d4 exd4 5. O-O Bc5 6. e5 d5 7. exf6 dxc4 8.
fxg7 Rg8 9. Re1+ Be6 10. Ng5 Qd5 11. Nc3 Qf5 12. Rxe6+ fxe6 13. Qh5+ Qg6 14.
Qe2 dxc3 15. Nxe6 Kf7 16. Nxc5 Rge8 17. Qxc4+ Kxg7 18. Qxc3+ Kg8 19. Be3 Ne5
20. Qb3+ Qf7 21. Qc3 b6 22. Ne4 Rad8 23. Bg5 Ng4 24. Bxd8 Rxe4 25. f3 Re3 26.
Qd4 h5 27. fxg4 Qe6 28. h3 h4 29. Bxh4 c5 30. Qd8+ Kf7 31. Rf1+ Kg7 32. Rf6
Qxf6 33. Qxf6+ Kh7 34. Qf7+ Kh6 35. g5# 1-0

[Event "Oslo Chess Festival 2017 "]
[Site "Quality Hotel Expo, Fornebu"]
[Date "2017.09.29"]
[Round "9.54"]
[White "Selvik, Elma"]
[Black "Smedsrud, Morten S"]
[Result "0-1"]
[WhiteElo "1186"]
[BlackElo "1371"]
[PlyCount "44"]
[EventDate "2017.??.??"]

1. e4 d5 2. exd5 Nf6 3. Nc3 Nxd5 4. Nxd5 Qxd5 5. d4 Nc6 6. Nf3 Bg4 7. Be2 O-O-O
8. c3 e6 9. O-O Be7 10. Bf4 h5 11. h3 Bf5 12. b4 g5 13. Nxg5 Bxg5 14. Bxg5 Rdg8
15. Bf3 Qd6 16. h4 Ne7 17. Bxh5 Nd5 18. Rc1 a6 19. Bxf7 Rxg5 20. g3 Rxh4 21.
Qf3 Be4 22. Qe2 Rh1# 0-1

[Event "Oslo Chess Festival 2017 "]
[Site "Quality Hotel Expo, Fornebu"]
[Date "2017.09.29"]
[Round "9.56"]
[White "Engevik, Sissel Merete"]
[Black "Naudeer, Terje Skonseng"]
[Result "0-1"]
[WhiteElo "1092"]
[BlackElo "1207"]
[PlyCount "98"]
[EventDate "2017.??.??"]

1. e4 e5 2. Nf3 Nc6 3. Bb5 a6 4. Bxc6 dxc6 5. Nxe5 Nf6 6. Nc3 Bc5 7. d3 h6 8.
Nf3 O-O 9. Bf4 Re8 10. Qd2 Bg4 11. O-O-O Be6 12. e5 Nd5 13. a3 a5 14. d4 Be7
15. g3 b5 16. Ne4 b4 17. a4 b3 18. Nc5 Bxc5 19. dxc5 Bf5 20. Nd4 bxc2 21. Nxc2
Qe7 22. Qd4 Rab8 23. Rd2 Rb7 24. Ne3 Nxe3 25. Qxe3 Qe6 26. Kd1 Qa2 27. Ke2 Rb3
28. Qd4 Reb8 29. Rhd1 Kh7 30. f3 R8b4 31. Qd8 Rxb2 32. g4 Be6 33. g5 Rxd2+ 34.
Bxd2 Qc4+ 35. Qd3+ Qxd3+ 36. Kxd3 Rxa4 37. gxh6 gxh6 38. h4 h5 39. Ke3 Kg6 40.
Rg1+ Kh6 41. Ke2+ Kh7 42. Bg5 Ra2+ 43. Ke3 a4 44. Bf6 Ra3+ 45. Ke4 Bd5+ 46. Kf5
Rxf3+ 47. Kg5 a3 48. Kxh5 Rf5+ 49. Rg5 Bf3# 0-1